00443nam a2200169 a 4500008004100000020001500041050001500056100002300071245002400094250001300118260004900131300002300180350000900203500001800212650001500230700002800245120416s1979 ||||||||||||||||| || u a0673151832 aBF 121 Zim aZimbardo, Philip G10aPsychology and life a10th ed. aGlenview, Ill. :bScott, Foresman & Coc1979 a767, lxv p. : ill. a0.00 aBibliography. 3aPSYCHOLOGY aRuch, Floyd Leon, 1903-